00632nam a2200145 4500999001700000082001200017100006200029245007100091260004900162300001300211536005400224650005800278942001200336952013800348 c38472d38472 aRP.0367 aPoornima, M. NithyauSampurna Montfort CollegevBangalore aMental Health of Mental Health Professionalsc/ M. Nithya Poornima aBangalore:bSampurna Montfort College,c2015 aX, 189p. aIndian Council of Social Science Research (ICSSR) aMental HealthvPsychologyvNeurologyxMedical Science 2ddccRP 001040718MRPaNASSDOCbNASSDOCd2023-06-19eMajor Research Report Divisionl0oRP.0367p53702r2023-06-19 00:00:00w2023-06-19yRP